Nghiên cứu chiết tách tinh dầu sả từ cây sả và nghiên cứu nâng cao hàm lượng Geranil trong tinh dầu sả bằng phương pháp hóa học

Tổng quan về tinh dầu. Khái quát về cây sả và tinh dầu sả...Nguyên liệu và phương pháp nghiên cứu. Kết quả và thảo luận.

Đã lưu trong:
Chi tiết về thư mục
Tác giả chính: Nguyễn, Thị Ánh Nguyệt (Tác giả)
Tác giả khác: Tán Đức Th.S (Hướng dẫn)
Định dạng: Sách
Ngôn ngữ:Vietnamese
Được phát hành: Đà Nẵng Đại học Sư phạm 2010
Những chủ đề:
Các nhãn: Thêm thẻ
Không có thẻ, Là người đầu tiên thẻ bản ghi này!
Thư viện lưu trữ: Mạng thư viện Đại học Đà Nẵng
LEADER 01479nam a2200349 4500
001 000012475
003 8775
005 20120221080240.0
008 120221s2010 viesd
041 |a vie 
072 |a Khóa luận tốt nghiệp 
082 |a 665.3  |b NG-N 
100 |a Nguyễn, Thị Ánh Nguyệt  |e Tác giả 
245 |a Nghiên cứu chiết tách tinh dầu sả từ cây sả và nghiên cứu nâng cao hàm lượng Geranil trong tinh dầu sả bằng phương pháp hóa học  |c Nguyễn Thị Ánh Nguyệt 
260 |a Đà Nẵng  |b Đại học Sư phạm  |c 2010 
300 |a 52 tr.  |c 29 cm 
500 |a Khóa luận tốt nghiệp khoa Hóa. Lớp 06 CHH 
520 |a Tổng quan về tinh dầu. Khái quát về cây sả và tinh dầu sả...Nguyên liệu và phương pháp nghiên cứu. Kết quả và thảo luận. 
653 |a Tinh dầu 
653 |a Cây sả 
653 |a Phương pháp hóa học 
700 |a Tán Đức  |c Th.S  |e Hướng dẫn 
OWN |a LSP 
AVA |a UDN50  |b LSP  |d 665.3 NG-N  |e available  |t Error 5001 Not defined in file expand_doc_bib_avail.  |f 1  |g 0  |h N  |i 0  |k 1 
999 |a From the UDN01 
AVA |a UDN50  |b LSP  |d 665.3 NG-N  |e available  |t Error 5001 Not defined in file expand_doc_bib_avail.  |f 1  |g 0  |h N  |i 0  |k 1 
TYP |a Monograph 
TYP |a Printed language 
980 |a Mạng thư viện Đại học Đà Nẵng